Hravá chémia 6-7 pracovný zošit pre 6. a 7. ročník ZŠ, prímu a sekundu GOŠ

Bibliographic Details
Main Authors: Engelová, Alena (pedagogička) (Author), Košická, Viera (Author), Krajníková, Annamária (Author), Melišíková, Anna (Author), Pavelčáková, Mariana (Author)
Format: Book
Language:Slovak
PhysicalDescription:60 s. fareb. fotogr. a ilustr., tab. 30 cm
Published: Košice Taktik 2013
ISBN:9788089530496 (brož.)
Edition:1. vyd.
Subjects:

MARC

LEADER 00000cam a2200000 a 4500
001 vtls010538164
003 SK-MaSNL
005 20260301090136.0
008 160430s2013 xo oa c 000 0 slo
015 |a SNBA2014/03 
020 |a 9788089530496 (brož.) 
035 |a D6979276-F4D4-4C92-957A-68457CBD742D 
035 |a urn:nbn:sk:snk-amjyum 
035 |a urn:nbn:sk:snk-am0080gr 
040 |a SNK  |b slo  |c SNK  |e AACR2 
041 0 |a slo 
044 |a xo  |c SK 
072 7 |a 54  |x Chémia. Mineralogické vedy  |2 konspekt 
080 |a 54  |2 2001 
080 |a (075.2)  |2 2001 
080 |a (075.3)  |2 2001 
080 |a (076.1)  |2 2001 
245 0 0 |a Hravá chémia 6-7  |b pracovný zošit pre 6. a 7. ročník ZŠ, prímu a sekundu GOŠ  |c [autori: Alena Engelová ... [et al.]] 
250 |a 1. vyd. 
260 |a Košice  |b Taktik  |c 2013 
300 |a 60 s.  |b fareb. fotogr. a ilustr., tab.  |c 30 cm 
500 |a Náz. prevzatý z obalu 
500 |a V súlade s novým ŠVP 
650 0 7 |a chémia  |2 SNKPH  |9 749 
650 0 7 |a Chemistry  |2 SNKPHeng  |9 265248 
655 7 |a učebnice základných škôl  |2 SNKPH  |9 70187 
655 7 |a učebnice stredných škôl  |2 SNKPH  |9 69323 
655 7 |a pracovné zošity  |2 SNKPH  |9 70188 
655 7 |a Textbooks (elementary)  |2 SNKPHeng  |9 276977 
655 7 |a Textbooks (secondary)  |2 SNKPHeng  |9 276359 
655 7 |a Activity books  |2 SNKPHeng  |9 302885 
700 1 |a Engelová, Alena  |c (pedagogička)  |4 aut  |9 174470 
700 1 |a Košická, Viera  |4 aut  |9 404156 
700 1 |a Krajníková, Annamária  |4 aut  |9 404157 
700 1 |a Melišíková, Anna  |4 aut  |9 404158 
700 1 |a Pavelčáková, Mariana  |4 aut  |9 313457 
852 |a Štátna vedecká knižnica v Banskej Bystrici 
919 |a 978-80-89530-49-6 
999 |c 667481  |d 669411 
952 |a SNK  |b SNK  |y PREZ  |7 0  |p 17A1104617  |o snkSB 86241  |i snk2014/4570  |8 0  |0 0  |1 0  |4 0  |d 2014-02-17  |f 1  |l 0  |r 2025-05-07 00:00:00  |w 2026-02-23 
952 |a SNK  |b SNK  |y VYP  |7 0  |p 17A1104616  |o snkSB 86241 D1  |i snk2014/4571  |8 0  |0 0  |1 0  |4 0  |d 2014-02-17  |l 0  |r 2016-06-30 00:00:00  |w 2026-02-23